<?xml version="1.0" encoding="UTF-8"?>
<record
    xmlns:xsi="http://www.w3.org/2001/XMLSchema-instance"
    xsi:schemaLocation="http://www.loc.gov/MARC21/slim http://www.loc.gov/standards/marcxml/schema/MARC21slim.xsd"
    xmlns="http://www.loc.gov/MARC21/slim">

  <leader>00943nam a22001937a 4500</leader>
  <controlfield tag="005">20240930165946.0</controlfield>
  <datafield tag="010" ind1=" " ind2=" ">
    <subfield code="a">HIN-128411</subfield>
  </datafield>
  <datafield tag="020" ind1=" " ind2=" ">
    <subfield code="a">9789394632028</subfield>
    <subfield code="c">475.00</subfield>
  </datafield>
  <datafield tag="035" ind1=" " ind2=" ">
    <subfield code="a">HN-100757</subfield>
  </datafield>
  <datafield tag="037" ind1=" " ind2=" ">
    <subfield code="b">DBAD</subfield>
  </datafield>
  <datafield tag="082" ind1=" " ind2=" ">
    <subfield code="a">332.1</subfield>
  </datafield>
  <datafield tag="100" ind1=" " ind2=" ">
    <subfield code="a">&#x938;&#x939;&#x93E;&#x92F;, &#x938;&#x93E;&#x915;&#x947;&#x924; &#x915;&#x941;&#x92E;&#x93E;&#x930;</subfield>
    <subfield code="9">72223</subfield>
  </datafield>
  <datafield tag="245" ind1=" " ind2=" ">
    <subfield code="a">&#x935;&#x93F;&#x924;&#x94D;&#x924;, &#x92C;&#x948;&#x902;&#x915;&#x93F;&#x902;&#x917; &#x90F;&#x935;&#x902; &#x92D;&#x93E;&#x937;&#x93E;: &#x935;&#x93F;&#x935;&#x93F;&#x927; &#x906;&#x92F;&#x93E;&#x92E;</subfield>
    <subfield code="c">&#x938;&#x93E;&#x915;&#x947;&#x924; &#x915;&#x941;&#x92E;&#x93E;&#x930; &#x938;&#x939;&#x93E;&#x92F;</subfield>
  </datafield>
  <datafield tag="250" ind1=" " ind2=" ">
    <subfield code="a">1</subfield>
  </datafield>
  <datafield tag="260" ind1=" " ind2=" ">
    <subfield code="a">&#x92E;&#x941;&#x902;&#x92C;&#x908;</subfield>
    <subfield code="b">&#x938;&#x902;&#x938;&#x94D;&#x915;&#x93E;&#x930; &#x938;&#x93E;&#x939;&#x93F;&#x924;&#x94D;&#x92F; &#x92E;&#x93E;&#x932;&#x93E;</subfield>
    <subfield code="c">2023</subfield>
  </datafield>
  <datafield tag="270" ind1=" " ind2=" ">
    <subfield code="a">407, &#x915;&#x943;&#x937;&#x94D;&#x923;&#x93E; &#x935;&#x93F;&#x939;&#x93E;&#x930;, &#x91F;&#x93E;&#x91F;&#x93E; &#x915;&#x92E;&#x94D;&#x92A;&#x93E;&#x909;&#x902;&#x921; &#x907;&#x930;&#x94D;&#x932;&#x93E; &#x92C;&#x94D;&#x930;&#x93F;&#x91C;, &#x90F;&#x938;.&#x935;&#x940;. &#x930;&#x94B;&#x921;, &#x905;&#x902;&#x927;&#x947;&#x930;&#x940; (&#x92A;.)</subfield>
    <subfield code="b">&#x92E;&#x941;&#x902;&#x92C;&#x908;</subfield>
    <subfield code="e">400058</subfield>
    <subfield code="k">9820946062</subfield>
    <subfield code="k">9969977079</subfield>
    <subfield code="m">ssmhindibooks@gmail.com</subfield>
  </datafield>
  <datafield tag="300" ind1=" " ind2=" ">
    <subfield code="a">200 &#x92A;&#x943;.</subfield>
    <subfield code="c">22 &#x938;&#x947;&#x92E;&#x940; (&#x905;&#x91C;&#x93F;&#x932;&#x94D;&#x926;)</subfield>
  </datafield>
  <datafield tag="942" ind1=" " ind2=" ">
    <subfield code="2">ddc</subfield>
    <subfield code="c">HN</subfield>
    <subfield code="h">332.1</subfield>
    <subfield code="m">&#x938;&#x939;&#x93E;&#x92F;</subfield>
  </datafield>
  <datafield tag="999" ind1=" " ind2=" ">
    <subfield code="c">205954</subfield>
    <subfield code="d">205954</subfield>
  </datafield>
  <datafield tag="952" ind1=" " ind2=" ">
    <subfield code="0">0</subfield>
    <subfield code="1">0</subfield>
    <subfield code="4">0</subfield>
    <subfield code="7">0</subfield>
    <subfield code="8">NFIC</subfield>
    <subfield code="a">BL4</subfield>
    <subfield code="b">BL4</subfield>
    <subfield code="d">2024-09-26</subfield>
    <subfield code="e">DBAD</subfield>
    <subfield code="g">475.00</subfield>
    <subfield code="l">0</subfield>
    <subfield code="o">332.1 &#x938;&#x939;&#x93E;&#x92F;</subfield>
    <subfield code="p">HN-100757</subfield>
    <subfield code="r">2024-09-26 00:00:00</subfield>
    <subfield code="t">1</subfield>
    <subfield code="v">475.00</subfield>
    <subfield code="w">2024-09-26</subfield>
    <subfield code="y">HN</subfield>
  </datafield>
</record>
